书目信息 |
| 题名: |
语言接触与语言联盟
|
|
| 作者: | 陈保亚 | |
| 分册: | ||
| 出版信息: | 北京 语文出版社 1996 |
|
| 页数: | 313页 | |
| 开本: | 20cm | |
| 丛书名: | ||
| 单 册: | ||
| 中图分类: | H004.2 | |
| 科图分类: | ||
| 主题词: | 语言学 | |
| 电子资源: | ||
| ISBN: | 7-80126-021-X | |
| 000 | 00510nam0 2200181 450 | |
| 001 | 0728815141 | |
| 005 | 20070819080015.14 | |
| 010 | @a7-80126-021-X@d¥13.00 | |
| 100 | @a20070819d km y0chiy0120 ea | |
| 101 | 0 | @achi |
| 200 | 1 | @a语言接触与语言联盟@Ayu yan jie chu yu yu yan lian meng@f陈保亚@Fchen bao ya |
| 210 | @a北京@c语文出版社@d1996 | |
| 215 | @a313页@d20cm | |
| 606 | 0 | @a语言学 |
| 690 | @aH004.2@v3 | |
| 701 | 0 | @a陈保亚@Achen bao ya |
| 801 | 0 | @aCN@bPFT@c20070819 |
| 905 | @a213230@dH004.2@eZW119@f1 | |
| 语言接触与语言联盟/陈保亚.-北京:语文出版社,1996 |
| 313页;20cm |
| ISBN 7-80126-021-X:¥13.00 |
| ● |
| 相关链接 |
|
|
|
|
正题名:语言接触与语言联盟
索取号:H004.2/ZW119
 
预约/预借
| 序号 | 登录号 | 条形码 | 馆藏地/架位号 | 状态 | 备注 |
| 1 | 7615107 | 276151076 | 密集书库-文学院/ [索取号:H004.2/ZW119] | 在馆 |